Pierre Niney, François Civil ou les deux ? - Statistiques

Statistiques générales
  • Ce quiz a été pris 130 fois
  • Le résultat moyen est 11 sur 15
Statistiques - réponses
Question Réponse % Correct
L'amour ouf François Civil
95%
Le compte de Monte-Cristo Pierre Niney
95%
Boite noire Pierre Niney
90%
Yves Saint-Laurent Pierre Niney
90%
Bac nord François Civil
87%
Five Les deux
82%
Mon inconnue François Civil
78%
Pas de vagues François Civil
75%
Le chant du loup François Civil
73%
Goliath Pierre Niney
71%
Ce qui nous lie François Civil
68%
Le livre des solutions Pierre Niney
66%
Masquerade Pierre Niney
63%
Deux mois Les deux
33%
20 ans d'écart Les deux
11%
Aucun quiz correspondant
Distribution des résultats
% des personnes avec chaque résultat
Percentile par nombre de réponses
Votre historique - résultats
Vous n’avez pas pris ce quiz